000 00262nam a2200097Ia 4500
001 1098444
005 20250827003111.0
008 250824s9999 xx 000 0 und d
245 0 _aMÜMKÜN ÖYKÜLERİN EN İYİSİ
_cAYKUT ERTUĞRUL
260 _bKETEBE YAYINLARI
999 _c1098444
_d1098444